000 00366pab a2200157 454500
008 180718b2007 xxu||||| |||| 00| 0 eng d
100 _aGregory, S.
245 _aActivity-oriented and learner-centred curriculum
260 _c2007
300 _ap.1-9.
362 _a11 Jun
650 _aCurriculum
773 _aUniversity News
908 _aN
909 _a74578
999 _c74578
_d74578